000 01822nam a2200277 i 4500
005 20250329165508.0
007 ta
008 200622s2021 000 0 eng d
040 _aCO-CtgCURN
_bspa
_ccoctgcurn
_erda
082 0 _aTCS 2021
_bT798
100 1 _aTrespalacios Gutiérrez Melanis Dagela,
_eauthor.
_4aut
245 1 0 _aAnálisis financiero integral en el diseño de un plan expansión empresarial soportado en un modelo de información financiera :
_bCaso súper fruver /
_cMelanis Dagela Trespalacios Gutiérrez; Lilibeth Johana Marimon Fuentes.
260 _aCartagena de Indias :
_bCorporación Universitaria Rafael Núñez,
_c2021.
260 4 _c©2021.
300 _a26 hojas.
336 _atext
_btxt
_2rdacontent
337 _aunmediated
_bn
_2rdamedia
338 _avolume
_bnc
_2rdacarrier
502 _aTrabajo de grado (Tecnologo en contabilidad sistematizada). Corporación Universitaria Rafael Núñez. Facultad de Ciencias Administrativas y Contables. Programa de Tecnología en Contabilidad Sistematizada, 2021.
520 8 _a"El presente trabajo se propone enfatizar la planeación de la expansión en gran medida de características propias de cada negocio, cuyo objeto es la venta de frutas y verduras, el resultado de la investigación es proyectar investigación que se aborda desde este estudio y pretende diseñar un modelo de gestión de información financiera"
650 0 _aContabilidad sistematizada
_xTesis y disertaciones académicas.
700 1 _aMarimon Fuentes, Lilibeth Johana.
856 7 _uhttps://unicurn.sharepoint.com/:b:/s/biblioteca/Ea7HGlO-KKpAhRc68niCctABbSDsCuQqDfsVflT8J4wZ1g?e=OLDZC7
_zClick aqui para ver el recurso en texto completo
942 _cTG
_hTCS 2021
_iT798
_aMHC
_bMHC
_2ddc
999 _c5880
_d5880